000 00557nam a2200193Ia 4500
005 20250923145356.0
008 008 250917s9999 xx 000 0 eng d
037 _aTextual
040 _aDSWL
_beng
_cDSWL
041 _aeng
_2eng
084 _aY31:1:12:2:N5x7, J5;2
_qDSWL
245 0 _aVillage India
_c Ed.by M. Marriott
260 _aChicago
_bUniversity Chicago Press
_c1955
300 _axix,269 p.
365 _aUSD
_b6 . 50
925 _g6 . 50
942 _cTEXL
_hY31:1:12:2:N5x7, J5;2
999 _c1450623
_d1450623